书目信息 |
| 题名: |
无机及分析化学实验
|
|
| 作者: | 赵丽平 主编 | |
| 分册: | ||
| 出版信息: | 北京 科学技术文献出版社 2015 |
|
| 页数: | 139页 | |
| 开本: | 26cm | |
| 丛书名: | ||
| 单 册: | ||
| 中图分类: | O61-33 , O652.1 | |
| 科图分类: | ||
| 主题词: | 无机化学--教材--高等学校--化学实验 , 分析化学--教材--高等学校--化学实验 | |
| 电子资源: | ||
| ISBN: | 978-7-5189-0402-0 | |
| 000 | 00914nam0 2200253 450 | |
| 001 | 1622 | |
| 005 | 20161130141526.10 | |
| 010 | @a978-7-5189-0402-0@dCNY22.80 | |
| 100 | @a20151104d2015 em y0chiy50 ea | |
| 101 | 0 | @achi |
| 102 | @aCN@b110000 | |
| 105 | @aa z 000yy | |
| 200 | 1 | @a无机及分析化学实验@9wu ji ji fen xi hua xue shi yan@f赵丽平主编 |
| 210 | @a北京@c科学技术文献出版社@d2015 | |
| 215 | @a139页@c图@d26cm | |
| 300 | @a高等院校“十二五”示范教材 | |
| 330 | @a本书主要包括五部分内容:无机及分析化学实验基础知识;无机及分析化学实验基本操作技能;无机及分析基本操作及无机部分实验;分析化学部分实验;综合性实验。 | |
| 606 | 0 | @a无机化学@j教材@x高等学校@x化学实验 |
| 606 | 0 | @a分析化学@j教材@x高等学校@x化学实验 |
| 690 | @aO61-33@v5 | |
| 690 | @aO652.1@v5 | |
| 701 | 0 | @a赵丽平@9zhao li ping@c(化学)@4主编 |
| 801 | 0 | @aCN@b大连网信软件有限公司图书馆·11@c20161130 |
| 905 | @aZUCC@dO61-33@e175 | |
| 无机及分析化学实验/赵丽平主编.-北京:科学技术文献出版社,2015 |
| 139页:图;26cm |
| 高等院校“十二五”示范教材 |
| ISBN 978-7-5189-0402-0:CNY22.80 |
| 本书主要包括五部分内容:无机及分析化学实验基础知识;无机及分析化学实验基本操作技能;无机及分析基本操作及无机部分实验;分析化学部分实验;综合性实验。 |
| ● |
| 相关链接 |
|
|
|
|
正题名:无机及分析化学实验
索取号:O61-33/175
 
预约/预借
| 序号 | 登录号 | 条形码 | 馆藏地/架位号 | 状态 | 备注 |
| 1 | 909077 | 209090776 | 第二样本阅览室/ [索取号:O61-33/175] | 在馆 | |
| 2 | 909078 | 209090785 | 密集书库-化学系/ [索取号:O61-33/175] | 在馆 | |
| 3 | 909079 | 209090794 | 第三借阅区/ [索取号:O61-33/175] | 在馆 | |
| 4 | 909080 | 209090801 | 第三借阅区/ [索取号:O61-33/175] | 在馆 | |
| 5 | 909081 | 209090810 | 第三借阅区/ [索取号:O61-33/175] | 在馆 |